母音で市・町・村(人口5000人未満) - Statistics

General Stats
  • This quiz has been taken 45 times
    3 since last reset
  • The average score is 91 of 308
Answer Stats
都道府県 母音 人口(人) 市町村 % Correct
愛知県 オイイア 4,713 飛島村
100%
北海道 アイイオオ 4,758 上士幌町
67%
青森県 アッオ 4,718 田子町
67%
鳥取県 イイアン 3,865 日南町
67%
北海道 アアアウアイ 3,823 中札内村
67%
北海道 アイエ 3,620 増毛町
67%
鳥取県 イエウ 3,616 日吉津村
67%
北海道 イッウ 3,425 比布町
67%
北海道 アアエウ 3,084 更別村
67%
和歌山県 アイイ 2,834 太地町
67%
奈良県 オウアア 2,757 十津川村
67%
北海道 インイオウ 2,730 新篠津村
67%
鳥取県 アアア 2,671 若桜町
67%
北海道 オアアエ 2,666 苫前町
67%
鳥取県 イオ 2,635 日野町
67%
北海道 ウッウ 2,629 寿都町
67%
和歌山県 オウア 2,605 高野町
67%
北海道 ウアイアイ 2,584 歌志内市
67%
鳥取県 オウウ 2,479 江府町
67%
北海道 アイエウ 2,418 愛別町
67%
北海道 アイウアアア 2,360 上砂川町
67%
和歌山県 オアアア 2,302 古座川町
67%
北海道 エンエウ 2,258 遠別町
67%
青森県 アイ 1,628 佐井村
67%
北海道 ウアウウ 1,577 浦臼町
67%
北海道 オアイ 1,420 泊村
67%
北海道 オアンエウ 1,005 初山別村
67%
北海道 オオイエッウ 601 音威子府村
67%
福島県 イオエアア 484 檜枝岐村
67%
北海道 オアイ 0 泊村
67%
青森県 オオアアア 4,996 外ヶ浜町
33%
北海道 イアオイ 4,928 鹿追町
33%
北海道 イエウ 4,798 標津町
33%
北海道 アイエ 4,704 奈井江町
33%
高知県 イアカ 4,704 日高村
33%
北海道 オアアンエ 4,696 長万部町
33%
山形県 アエアア 4,691 金山町
33%
大阪府 イアアアアアア 4,687 千早赤阪村
33%
岩手県 イイアア 4,659 西和賀町
33%
青森県 オオア 4,649 大間町
33%
北海道 アオア 4,646 佐呂間町
33%
長野県 アアアア 4,620 中川村
33%
徳島県 アウウア 4,570 勝浦町
33%
北海道 ウイ 4,527 由仁町
33%
福島県 イイアエ 4,506 飯舘村
33%
東京都 オウアア 4,492 奥多摩町
33%
北海道 アアウアオ 4,486 中富良野町
33%
高知県 イオオアア 4,459 仁淀川町
33%
北海道 ウンエッウ 4,448 訓子府町
33%
奈良県 イオイイ 4,405 下市町
33%
島根県 イイアン 4,355 飯南町
33%
高知県 オオウイ 4,348 大月町
33%
北海道 オイイウ 4,342 小清水町
33%
岡山県 ウエアン 4,290 久米南町
33%
沖縄県 イエ 4,268 伊江村
33%
長野県 イイアアイア 4,237 木島平村
33%
北海道 アウア 4,227 厚真町
33%
新潟県 アイア 4,222 刈羽村
33%
沖縄県 アエオイ 4,208 竹富町
33%
長野県 オウイ 4,196 小海町
33%
北海道 ウアオオ 4,108 浦幌町
33%
長野県 アオイ 4,086 青木村
33%
北海道 エイオ 4,060 えりも町
33%
愛知県 イアア 4,051 設楽町
33%
青森県 オオアア 4,048 横浜町
33%
北海道 ウエウ 3,970 津別町
33%
長野県 アアン 3,931 阿南町
33%
岩手県 オア 3,901 野田村
33%
山梨県 イイアウア 3,888 西桂町
33%
熊本県 イアイオウイ 3,804 南小国町
33%
北海道 イイウイ 3,783 知内町
33%
北海道 アアイ 3,777 様似町
33%
和歌山県 ウオアア 3,760 九度山町
33%
福島県 アアイ 3,690 只見町
33%
北海道 イウア 3,681 美深町
33%
長野県 アイオ 3,674 南木曽町
33%
山形県 アエアア 3,659 鮭川村
33%
長野県 アアアイ 3,631 川上村
33%
長野県 オアアオンエン 3,582 野沢温泉村
33%
高知県 エイエイ 3,570 芸西村
33%
北海道 イオアイ 3,528 木古内町
33%
北海道 オオオイ 3,515 豊富町
33%
北海道 オオッエ 3,495 興部町
33%
北海道 オオウア 3,491 豊浦町
33%
高知県 オア 3,488 土佐町
33%
愛媛県 アウオ 3,484 松野町
33%
和歌山県 ウアイ 3,471 すさみ町
33%
徳島県 ウイ 3,424 牟岐町
33%
長野県 イオオウ 3,421 下條村
33%
京都府 アウア 3,377 和束町
33%
富山県 ウアアイ 3,313 舟橋村
33%
宮崎県 オアエ 3,278 五ヶ瀬町
33%
北海道 アッアウ 3,269 厚沢部町
33%
群馬県 アアアア 3,260 高山村
33%
北海道 アアオンエウ 3,221 浜頓別町
33%
長野県 オオウア 3,206 大桑村
33%
岐阜県 イイオウ 3,186 七宗町
33%
高知県 オオアア 3,125 本山町
33%
北海道 アイアア 3,085 上川町
33%
高知県 ウウアア 3,084 檮原町
33%
山梨県 アウアア 3,058 鳴沢村
33%
奈良県 アアオエ 3,055 山添村
33%
北海道 イイ 3,051 仁木町
33%
島根県 アアオオ 2,982 川本町
33%
福島県 ウアア 2,980 湯川村
33%
長野県 イアイアイ 2,977 南牧村
33%
高知県 オオオオ 2,961 大豊町
33%
秋田県 オオアア 2,945 大潟村
33%
山口県 アウ 2,945 阿武町
33%
沖縄県 オオイイ 2,910 大宜味村
33%
岩手県 アオアア 2,888 田野畑村
33%
北海道 オオオオ 2,878 豊頃町
33%
高知県 アアイ 2,858 奈半利町
33%
福島県 アエアア 2,846 鮫川村
33%
福岡県 アア 2,843 赤村
33%
北海道 イオアア 2,836 下川町
33%
長野県 オアイ 2,811 小谷村
33%
北海道 アッアウ 2,807 和寒町
33%
北海道 ウアア 2,798 沼田町
33%
北海道 ウイアア 2,732 月形町
33%
北海道 エンウイ 2,728 剣淵町
33%
神奈川県 イオアア 2,716 清川村
33%
愛知県 オウエイ 2,703 東栄町
33%
北海道 オイア 2,664 小平町
33%
熊本県 ウア 2,648 球磨村
33%
北海道 エイオ 2,642 天塩町
33%
北海道 アウウウ 2,589 猿払村
33%
北海道 オエウイ 2,565 妹背牛町
33%
北海道 オエオ 2,543 置戸町
33%
長野県 イオ 2,516 木祖村
33%
東京都 オアアアア 2,496 小笠原村
33%
島根県 イイオイア 2,495 西ノ島町
33%
北海道 ウオアウアイ 2,446 黒松内町
33%
高知県 アオ 2,419 田野町
33%
東京都 イイイア 2,415 新島村
33%
長野県 オイ 2,412 麻績村
33%
埼玉県 イアイイイウ 2,406 東秩父村
33%
京都府 イアイアアイオ 2,379 南山城村
33%
秋田県 イアイアウエ 2,334 東成瀬村
33%
岩手県 ウアイ 2,293 普代村
33%
高知県 アウア 2,269 安田町
33%
北海道 イアイウアオ 2,236 南富良野町
33%
東京都 イアエ 2,211 三宅村
33%
島根県 アア 2,209 海士町
33%
北海道 アイオウエ 2,208 滝上町
33%
長野県 オアア 2,198 小川村
33%
山口県 アイオエイ 2,190 上関町
33%
福井県 イエア 2,186 池田町
33%
北海道 エウン 2,183 礼文町
33%
北海道 イッウエウ 2,182 秩父別町
33%
北海道 イイイウイ 2,151 利尻富士町
33%
北海道 オウイイ 2,138 奥尻町
33%
北海道 イウエウ 2,120 陸別町
33%
長崎県 オイア 2,115 小値賀町
33%
徳島県 アアオウイ 2,106 佐那河内村
33%
青森県 イアエウ 2,096 今別町
33%
高知県 オウオウ 2,059 東洋町
33%
北海道 ウウウ 2,044 雨竜町
33%
北海道 オオオエ 2,042 幌延町
33%
北海道 ウウウ 2,018 留寿都村
33%
岐阜県 イアイイアアア 2,011 東白川村
33%
北海道 アッアイ 1,938 真狩村
33%
北海道 イオエウ 1,928 喜茂別町
33%
東京都 イオアア 1,923 檜原村
33%
秋田県 アイオアイ 1,869 上小阿仁村
33%
京都府 イエ 1,861 伊根町
33%
北海道 イイイ 1,830 利尻町
33%
福島県 アエアア 1,749 金山町
33%
東京都 オウウイア 1,737 神津島村
33%
大分県 イエイア 1,711 姫島村
33%
北海道 アオアン 1,702 積丹町
33%
沖縄県 イアイ 1,701 東村
33%
沖縄県 オアウイ 1,689 与那国町
33%
長野県 イウアア 1,615 生坂村
33%
北海道 オウウウ 1,593 北竜町
33%
北海道 イウアッウ 1,590 占冠村
33%
長野県 アアエ 1,560 栄村
33%
青森県 アアアウア 1,554 風間浦村
33%
奈良県 イアイオイオ 1,498 東吉野村
33%
北海道 アアイアア 1,492 赤井川村
33%
北海道 アアオンエウ 1,472 中頓別町
33%
岐阜県 イアアア 1,470 白川村
33%
群馬県 アンオウ 1,427 南牧村
33%
長野県 アウオア 1,426 泰阜村
33%
鹿児島県 アアオ 1,384 大和村
33%
高知県 イアア 1,355 三原村
33%
奈良県 イウエ 1,347 御杖村
33%
岡山県 イイアアウア 1,331 西粟倉村
33%
福島県 イイア 1,327 三島町
33%
奈良県 オイ 1,270 曽爾村
33%
北海道 アアアア 1,269 中川町
33%
北海道 イアアイ 1,246 島牧村
33%
沖縄県 イエア 1,237 伊是名村
33%
沖縄県 イアイアイオウ 1,227 南大東村
33%
北海道 オオアアイ 1,222 幌加内町
33%
青森県 イイエア 1,210 西目屋村
33%
奈良県 エンアア 1,194 天川村
33%
沖縄県 イエア 1,191 伊平屋村
33%
奈良県 アアアイ 1,188 川上村
33%
高知県 イアアア 1,177 北川村
33%
京都府 アアイ 1,066 笠置町
33%
沖縄県 アアア 1,040 多良間村
33%
長野県 エンウウ 1,028 天龍村
33%
群馬県 ウエオ 1,011 上野村
33%
宮崎県 イイエア 991 西米良村
33%
北海道 イイオオッエ 956 西興部村
33%
愛知県 オオエ 929 豊根村
33%
長野県 イアイアイイ 926 南相木村
33%
沖縄県 アアイ 873 座間味村
33%
長野県 オオイア 868 大鹿村
33%
山梨県 アアアア 859 早川町
33%
長野県 エア 806 根羽村
33%
奈良県 イオイアアア 796 下北山村
33%
岡山県 インオウ 793 新庄村
33%
高知県 ウアイ 762 馬路村
33%
北海道 アオエアイ 740 神恵内村
33%
沖縄県 アウイ 676 粟国村
33%
鹿児島県 オイア 673 十島村
33%
沖縄県 オアイイ 665 渡嘉敷村
33%
長野県 イアアイイ 647 北相木村
33%
長野県 オウアイ 640 王滝村
33%
山梨県 オウエ 616 小菅村
33%
奈良県 ウオアイ 589 黒滝村
33%
島根県 イウ 574 知夫村
33%
沖縄県 イアアイオウ 544 北大東村
33%
山梨県 アアアア 501 丹波山村
33%
長野県 ウウイ 472 売木村
33%
奈良県 アイイアアア 421 上北山村
33%
和歌山県 イアアア 382 北山村
33%
長野県 イアア 377 平谷村
33%
高知県 オオアア 355 大川村
33%
鹿児島県 イイア 344 三島村
33%
奈良県 オエアア 322 野迫川村
33%
新潟県 アアイアウア 312 粟島浦村
33%
東京都 イウアイア 302 御蔵島村
33%
東京都 オイア 300 利島村
33%
沖縄県 オアイ 291 渡名喜村
33%
東京都 アオアイア 160 青ヶ島村
33%
北海道 イオアン 0 色丹村
33%
北海道 ウオエウ 0 留夜別村
33%
北海道 ウエウ 0 留別村
33%
北海道 アア 0 紗那村
33%
北海道 イエオオ 0 蘂取村
33%
佐賀県 エンアイ 4,825 玄海町
0%
高知県 オイ 4,811 越知町
0%
福島県 イオオウ 4,792 下郷町
0%
福島県 アアイア 4,732 中島村
0%
宮崎県 イオウ 4,710 木城町
0%
新潟県 エイアア 4,691 関川村
0%
岩手県 ウイア 4,681 住田町
0%
徳島県 アイアア 4,673 神山町
0%
山形県 ウアアア 4,662 舟形町
0%
山形県 イイアア 4,536 西川町
0%
福島県 イオオ 4,531 広野町
0%
宮崎県 イアオ 4,522 美郷町
0%
福島県 ウウオオ 4,517 古殿町
0%
北海道 アンオイ 4,501 蘭越町
0%
沖縄県 ウイアイ 4,459 国頭村
0%
北海道 イアアエ 4,444 今金町
0%
北海道 イアオイ 4,435 平取町
0%
秋田県 オアア 4,421 小坂町
0%
北海道 アウウ 4,267 羅臼町
0%
長野県 アアイ 4,263 朝日村
0%
秋田県 イアア 4,157 井川町
0%
北海道 アイオウイ 4,133 上ノ国町
0%
熊本県 ウアイ 4,107 津奈木町
0%
島根県 イアオ 4,034 美郷町
0%
北海道 オウウ 4,033 雄武町
0%
長野県 イウオウ 3,976 筑北村
0%
熊本県 アアア 3,961 相良村
0%
長野県 アエアウ 3,930 上松町
0%
群馬県 アアイア 3,928 片品村
0%
新潟県 イウオアイ 3,886 出雲崎町
0%
山形県 オアア 3,850 戸沢村
0%
北海道 イオアオ 3,622 清里町
0%
北海道 イアエ 3,508 鹿部町
0%
熊本県 ウオアエ 3,445 湯前町
0%
宮崎県 イオアエ 3,419 日之影町
0%
北海道 ウウイア 3,378 福島町
0%
熊本県 アアエ 3,162 山江村
0%
福島県 アンアイ 3,151 磐梯町
0%
北海道 オオエ 3,107 乙部町
0%
群馬県 アアア 2,973 川場村
0%
香川県 アオイア 2,896 直島町
0%
福島県 アアイウ 2,841 柳津町
0%
北海道 オウオウ 2,776 京極町
0%
山形県 オオウア 2,760 大蔵村
0%
秋田県 ウイアオ 2,746 藤里町
0%
北海道 ウウイア 2,589 古平町
0%
青森県 オオイア 2,434 蓬田村
0%
北海道 ウウイ 2,432 鶴居村
0%
宮崎県 イイア 2,406 椎葉村
0%
福島県 イアイオアア 2,394 北塩原村
0%
北海道 オウエウ 2,313 壮瞥町
0%
福島県 アアウイ 2,233 川内村
0%
青森県 インオウ 2,059 新郷村
0%
熊本県 イウアイ 1,933 水上村
0%
福岡県 オウオウ 1,762 東峰村
0%
鹿児島県 ウエン 1,604 宇検村
0%
群馬県 アンア 1,511 神流町
0%
山梨県 オウイ 1,509 道志村
0%
宮崎県 オオウア 1,406 諸塚村
0%
熊本県 ウウアア 1,361 産山村
0%
徳島県 アイアウ 1,337 上勝町
0%
福島県 アウアオ 1,216 葛尾村
0%
宮城県 イイアウウ 1,213 七ヶ宿町
0%
福島県 オウア 1,085 昭和村
0%
熊本県 イウイ 929 五木村
0%
No matching quizzes found
Score Distribution
Percent of People with Each Score
Percentile by Number Answered
Your Score History
You have not taken this quiz since the last reset